| 000 | 00813nam a2200253Ia 4500 | ||
|---|---|---|---|
| 003 | OSt | ||
| 005 | 20221002044921.0 | ||
| 006 | a|||||r|||| 00| 0 | ||
| 007 | ta | ||
| 008 | 220930b |||||||| |||| 00| 0 eng d | ||
| 020 |
_a9780198610519 (pbk) _c595 |
||
| 024 | _a90000 | ||
| 037 |
_b298, 22/02/2008, Bhartiya Sahitya Bhawan _cReference Collections |
||
| 040 |
_aCRL _cCRL _beng |
||
| 041 |
_2eng _aeng |
||
| 082 | _aP111:4k, P5(RR) | ||
| 100 | _aSpeake Jennifer Ed. | ||
| 245 | 0 | _aOxford dictionary of foreign words and phrases | |
| 260 |
_aNew Delhi _bOxford University Press _c2005 |
||
| 300 |
_axi,512p. _ccm. |
||
| 650 | _aLINGUISTICS | ||
| 942 |
_hP111:4k, P5(RR) _cref _2CC |
||
| 999 |
_c911387 _d911387 |
||